Statistics for Crassus: Minted Lyrics (HORRIBLE HISTORIES)

Click here to take the quiz!

General Stats

  • This quiz has been taken 93 times
  • The average score is 265 of 392

Answer Stats

Lyrics% Correct
I
100%
I'm
96%
men
96%
Crassus
94%
rich
94%
a
92%
Marcus
92%
no
91%
Rome
91%
an
89%
me
89%
me!!!
89%
the
89%
then
89%
you
89%
but
87%
like
87%
minted
87%
and
85%
army
85%
think
85%
buy
83%
can
83%
ever
83%
man
83%
on
83%
they
83%
they're
83%
ain't
81%
Caesar
81%
famous
81%
in
81%
than
81%
us
81%
more
79%
my
79%
richest
79%
Romans
79%
there
79%
world's
79%
could
77%
one
77%
richer
77%
call
75%
can't
75%
geezer
75%
surpass
75%
yourself
75%
ther'es
74%
there's
74%
There's
74%
loaded
72%
till
72%
to
72%
as
70%
don't
70%
Pompey
70%
with
70%
be
68%
hear
68%
if
68%
ran
68%
was
68%
care
66%
prop
66%
brave
64%
fight
64%
lost
64%
play!
64%
fire
62%
head
62%
it!
62%
it
62%
nightmare
62%
you're
62%
cave
60%
house
60%
Licinius
60%
people
60%
wanted
60%
basket
58%
used
57%
killed
55%
living
55%
name
55%
of
55%
cash
53%
Embarrassing!
53%
first
53%
another
51%
big
51%
BOOM!!!!
51%
buyer
51%
scared
51%
slave
51%
so
51%
enemy
49%
got
49%
Ha
49%
Spartacus
49%
were
49%
feast
47%
for
47%
heard
47%
hid
47%
killing
47%
lower
47%
spree
47%
their
47%
flames
45%
ten
45%
two
45%
fighting
43%
gold
43%
quick
43%
versions
43%
you'll
43%
ask
42%
bought
42%
cook
42%
firemen
42%
swallow
42%
wallet
42%
douse
40%
everyday
40%
fuller
40%
General
40%
Love
40%
love
40%
quite
40%
say
40%
gave
38%
hard
38%
I'd
38%
pauper's
38%
would
38%
at
36%
follow
36%
glory
36%
made
36%
start
36%
stole
36%
billboard
34%
Tell
34%
heart-acus
32%
one's
32%
over -
32%
pay,
32%
boiling
30%
called
30%
slaves
30%
that
30%
way
30%
took
28%
true
28%
rush
26%
pocket
23%
Sulla
23%
fill
21%
flog
21%
gory
21%
nailed
21%
not
21%
show
21%
up
21%
back
19%
by
19%
crushed
19%
hoard
19%
land
19%
off
17%
enemies
15%
mission
15%
politician
15%
smashed
13%
splinted
13%
owned
11%
Parthian-Persians
9%
enough
8%
our
8%
ther's
8%
reql
0%
thcash
0%
theain'rich
0%
Theye's
0%
triumph
0%

Score Distribution

Percentile by Number Answered

Percent of People with Each Score

Your Score History

You have not taken this quiz